| 000 | 00000cas 2200000zi 4500 |
| 001 | 9.941211 |
| 003 | CaOODSP |
| 005 | 20260122135236 |
| 006 | m o d f |
| 007 | cr cn |||||||| |
| 008 | 240729c20239999oncfr p o f0 b0fre|d |
| 022 | |a2818-6036 |
| 040 | |aCaOODSP|bfre|erda|cCaOODSP |
| 043 | |an-cn--- |
| 086 | 1 |aJL5-3F-PDF |
| 222 | 0|aCe que nous avons entendu |
| 245 | 00|aCe que nous avons entendu : |bla Commission du droit du Canada en mode écoute et découverte. |
| 264 | 1|a[Ottawa] : |bCDC = LCC, |c[2023]- |
| 310 | |aSemestriel |
| 336 | |atexte|btxt|2rdacontent/fre |
| 337 | |ainformatique|bc|2rdamedia/fre |
| 338 | |aressource en ligne|bcr|2rdacarrier/fre |
| 362 | 1 |aParaît depuis : Juin à décembre 2023. |
| 500 | |aPublié aussi en anglais sous le titre : What we heard : the Law Commission of Canada in listen & learn mode. |
| 588 | |aDescription d'après : Juin à décembre 2023; titre de la page couverture du fichier PDF. |
| 588 | |aDernière livraison consultée : Janvier à mai 2024. |
| 650 | 6|aDroit|xReĢforme|zCanada|xOpinion publique|vPériodiques. |
| 655 | 7|aPériodiques|2rvmgf |
| 710 | 2 |aCommission du droit du Canada, |eorganisme de publication. |
| 775 | 08|tWhat we heard : |w(CaOODSP)9.941212 |